000 00725nam a2200229 a 4500
001 64466
003 BD-RjUL
005 20211209081319.0
008 170215s1966 enkabf b 001 0 eng d
035 _a(BD-RjUL)64596
040 _aBD-RjUL
_cBD-RjUL
_dBD-RjUL
_beng
041 _aeng
082 _a967
_223
_bHUN 1966
100 1 _aHunter, Guy.
_9191254
245 1 4 _aThe new societies of tropical Africa :
_ba selective study /
_cGuy Hunter.
250 _a1st ed.
260 _aLondon ;
_aNew York :
_bOxford University Press,
_c1966.
300 _axx, 376 p. :
_bill. ;
_c23 cm.
504 _aIncludes bibliographical references and index.
651 0 _aAfrica, Sub-Saharan
_xSocial conditions.
_9191255
942 _2ddc
_cBK
999 _c64466
_d64466